Normal view
MARC view
- Smethurst, George.
Entry Personal Name
001 - CONTROL NUMBER
- control field: 6356
003 - CONTROL NUMBER IDENTIFIER
- control field: NUST
005 - DATE AND TIME OF LATEST TRANSACTION
- control field: 20171114111833.0
008 - FIXED-LENGTH DATA ELEMENTS
- fixed length control field: 171114|| aca||aabn | a|a d
040 ## - CATALOGING SOURCE
- Original cataloging agency: NUST
- Transcribing agency: NUST
100 ## - HEADING--PERSONAL NAME
- Personal name: Smethurst, George.
670 ## - SOURCE DATA FOUND
- Source citation: Work cat.: (NUST)0: Binnie, Chris. 6324, Basic water treatment /, 2002.
